Jivajala (Record no. 234452)
[ view plain ]
| 000 -LEADER | |
|---|---|
| fixed length control field | 02275nam a22002177a 4500 |
| 005 - DATE AND TIME OF LATEST TRANSACTION | |
| control field | 20250616113540.0 |
| 008 - FIXED-LENGTH DATA ELEMENTS--GENERAL INFORMATION | |
| fixed length control field | 250614b |||||||| |||| 00| 0 eng d |
| 020 ## - INTERNATIONAL STANDARD BOOK NUMBER | |
| International Standard Book Number | 9788197923074 |
| 040 ## - CATALOGING SOURCE | |
| Transcribing agency | AL |
| 041 ## - LANGUAGE CODE | |
| Language code of text/sound track or separate title | Kannada |
| 082 ## - DEWEY DECIMAL CLASSIFICATION NUMBER | |
| Edition number | 23 |
| Classification number | 574.5K |
| Item number | ANIJ |
| 100 ## - MAIN ENTRY--PERSONAL NAME | |
| Personal name | Anitha T ಅನಿತ ಟಿ |
| 100 ## - MAIN ENTRY--PERSONAL NAME | |
| 9 (RLIN) | 215106 |
| 245 ## - TITLE STATEMENT | |
| Title | Jivajala |
| Remainder of title | ಜೀವಜಲ |
| 260 ## - PUBLICATION, DISTRIBUTION, ETC. | |
| Place of publication, distribution, etc. | Mysore |
| Name of publisher, distributor, etc. | Anu prakashana |
| Date of publication, distribution, etc. | 2024 |
| 300 ## - PHYSICAL DESCRIPTION | |
| Extent | xii,120 p. |
| Other physical details | PB |
| Dimensions | 22x14 cm. |
| 365 ## - TRADE PRICE | |
| Currency code | ₹ |
| Unit of pricing | ₹150.00 |
| 520 ## - SUMMARY, ETC. | |
| Summary, etc. | ಪರಿವಿಡಿ : <br/>1) ಪ್ರವಾಸೋದ್ಯಮ ಮತ್ತು ಸಾಂಸ್ಕೃತಿಕ ಕೇಂದ್ರವಾಗಿ ಅಮಾನಿಕೆರೆ 2) ಜನಪದ ಐತಿಹ್ಯದ ಹಿನ್ನಲೆಯಲ್ಲಿ ಕೆರೆಗೆ ಹಾರವಾದ ಬಿಷ್ಟಮ್ಮ<br/>3) ಕೆರೆಯ ನಿರ್ಮಾಣದ ಆಚರಣೆಗಳು 4) ಜನಪದ ಕಾವ್ಯಗಳಲ್ಲಿ ಕೆರೆಗೆ ಬಲಿ : ಒಂದು ಅವಲೋಕನ 5) ಕೊಲ್ಲಬೇಡಿ ಕೆರೆಗಳನ್ನು : ಉಳಿಸಿ ಜೀವರಾಶಿಯ ಜೀವನಾಡಿಗಳನ್ನು 6) ಗ್ರಾಮೀಣಾಭಿವೃದ್ಧಿಯಲ್ಲಿ ಜೀವನಾಡಿ ಕೆರೆಗಳು ಅಂದು ಇಂದು : ಒಂದು ಅವಲೋಕನ<br/>7) ಕೆರೆಯ ನಿರ್ಮಾಣದಲ್ಲಿ ಬಲಿ : ಒಂದು ಚಾರಿತ್ರಿಕ ಅಧ್ಯಯನ 8) ಜಾನಪದ ಹಿನ್ನಲೆಯನ್ನು ಒಳಗೊಂಡಂತೆ ಪಾಳೆಯಗಾರರ ಕಾಲದ ಕೆರೆಗಳು ; ಒಂದು ಅಧ್ಯಯನ 9) ಮೂಕರೋಧನೆ ಅನುಭವಿಸುತ್ತಿರುವ ಜೀವನಾಡಿ ಕೆರೆಗಳು 10) ನಾಡಗೌಡ ಕೆಂಪೇಗೌಡರು ಕಟ್ಟಿದ ಬೆಂಗಳೂರಿನ ಕೆರೆಗಳಿಗೆ ಒದಗಿ ಬಂದಿರುವ ದುಸ್ಥಿತಿ 11) ಅಣಜಿ ಹೊನ್ನಮ್ಮನ ಕೆರೆ 12) ಪ್ರವಾಸಿ ತಾಣ ಹಾಗೂ ಧಾರ್ಮಿಕ ಕ್ಷೇತ್ರವಾಗಿ-ತೊಣ್ಣೂರು ಕೆರೆ, ಆಕರ ಗ್ರಂಥಗಳು<br/> |
| 650 ## - SUBJECT ADDED ENTRY--TOPICAL TERM | |
| Topical term or geographic name entry element | Environment ಪ್ರಕೃತಿ |
| 9 (RLIN) | 215036 |
| 650 ## - SUBJECT ADDED ENTRY--TOPICAL TERM | |
| Topical term or geographic name entry element | Keregalu ಕೆರೆಗಳು |
| 9 (RLIN) | 215037 |
| 942 ## - ADDED ENTRY ELEMENTS (KOHA) | |
| Source of classification or shelving scheme | Dewey Decimal Classification |
| Koha item type | Donated Books |
| Withdrawn status | Lost status | Source of classification or shelving scheme | Damaged status | Not for loan | Collection code | Home library | Current library | Date acquired | Cost, normal purchase price | Total Checkouts | Full call number | Barcode | Date last seen | Date last checked out | Cost, replacement price | Price effective from | Koha item type |
|---|---|---|---|---|---|---|---|---|---|---|---|---|---|---|---|---|---|
| Dewey Decimal Classification | Botany | St Aloysius Library | St Aloysius Library | 05/20/2025 | 150.00 | 1 | 574.5K ANIJ | D06290 | 03/31/2026 | 03/31/2026 | 150.00 | 06/14/2025 | Donated Books |